108 chuyện hay cực ngắn

Kaydedildi:
Detaylı Bibliyografya
Materyal Türü: Kitap
Dil:Undetermined
Baskı/Yayın Bilgisi: H. Phụ nữ 2003
Konular:
Etiketler: Etiketle
Etiket eklenmemiş, İlk siz ekleyin!
Thư viện lưu trữ: Trung tâm Học liệu Trường Đại học Cần Thơ
LEADER 00438nam a2200169Ia 4500
001 CTU_60084
008 210402s9999 xx 000 0 und d
020 |b 52000 
082 |a 895.922301 
082 |b M458 
245 0 |a 108 chuyện hay cực ngắn 
260 |a H. 
260 |b Phụ nữ 
260 |c 2003 
650 |a short stories, vietnamese 
904 |i Minh 
980 |a Trung tâm Học liệu Trường Đại học Cần Thơ